000 00620nam a22001937a 4500
005 20171122155533.0
010 _aENG-121644
020 _a9788171021765
_c500.00
035 _aEN-105176
037 _bDBAD/PUB
082 _a294.5921046
100 _aBhaduri, Chira Kisor
245 _aSocial life as depicted in early brahmanical literature /
_cby Chira Kisor Bhaduri
260 _aKolkata
_bFirma KLM
_c2014
270 _a257B. B.B. Ganguly street,
_bKolkata
_e700012
300 _avi, 202p.
_c22cm (Hb)
500 _aIncludes bibliographical references
942 _2ddc
_cEN
_h294.5921046
_mBHA
999 _c147668
_d147668